Kiribati Trivia Quiz - Statistieken

Algemene statistieken
  • Deze quiz is 250 keer genomen
  • De gemiddelde score is 9 van 14
Antwoordstatistieken
Hint Antwoord % Correct
Officiële talen Engels
96%
Land waar Kiribati in 1979 onafhankelijk van werd Verenigd Koninkrijk
94%
Land dat delen van Kiribati tussen 1941 en 1943 bezette Japan
86%
Elk jaar is Kiribati het eerste land dat deze feestdag viert Nieuwjaarsdag
84%
Land dat zich in 1976 afscheidde van Kiribati en zijn eigen land vormde Tuvalu
78%
Aantal zoogdiersoorten die aanwezig waren in Kiribati voordat mensen arriveerden 0
76%
Hoofdstad Zuid-Tarawa
69%
De eilanden van Kiribati zijn atollen, wat betekent dat ze van ____ gemaakt zijn. Koraalriffen
66%
Officiële talen Kiribatisch
64%
Naast de Maldiven is Kiribati een van de landen die het meeste risico lopen door dit wereldwijde probleem Klimaatverandering
61%
Eten dat goed is voor 91% van de export Vis
55%
Eiland dat meer dan de helft van oppervlakte van Kiribati beslaat, wat op 24 december 1777 bezocht werd door James Cook Kiritimati (Kersteiland)
38%
Exclusief overzeese gebieden is Kiribati het enige land dat in alle vier de ____ ligt Halfronden
34%
Soort vogel die op de vlag van Kiribati te zien is {Fregat}vogel
23%
Geen overeenkomende quizzen gevonden
Scoreverdeling
Procent van Mensen met Elke Score
Percentiel versus Aantal Correcte Antwoorden
Uw Scoregeschiedenis
U heeft deze quiz nog niet genomen